EXCELLING CORE (Record no. 216735)

MARC details
000 -LEADER
fixed length control field 00445nam a22001577a 4500
008 - FIXED-LENGTH DATA ELEMENTS--GENERAL INFORMATION
fixed length control field 260302b |||||||| |||| 00| 0 eng d
020 ## - INTERNATIONAL STANDARD BOOK NUMBER
International Standard Book Number 978-9914-55-260-7
100 ## - MAIN ENTRY--PERSONAL NAME
Personal name ODHIAMBO, VINCENT
245 ## - TITLE STATEMENT
Title EXCELLING CORE
Remainder of title LEARNERS BOOK GRADE 10
260 ## - PUBLICATION, DISTRIBUTION, ETC.
Place of publication, distribution, etc. NAIROBI
Name of publisher, distributor, etc. KENYA LITERATURE BUREAU
Date of publication, distribution, etc. 2025
300 ## - PHYSICAL DESCRIPTION
Extent 268P.
650 ## - SUBJECT ADDED ENTRY
Topical term or geographic name entry element MATHEMATICS - STUDY AND TEACHING
700 ## - ADDED ENTRY--PERSONAL NAME
Personal name MUTUKU, WINFRED
942 ## - ADDED ENTRY ELEMENTS (KOHA)
Source of classification or shelving scheme Library of Congress Classification
Koha item type Long Loan Book
Holdings
Withdrawn status Lost status Source of classification or shelving scheme Damaged status Not for loan Collection Home library Current library Shelving location Date acquired Inventory number Total checkouts Total renewals Full call number Barcode Date last seen Date last checked out Copy number Price effective from Koha item type
    Library of Congress Classification     Science & Technology Kisii University Library Kisii University Library On Display 03/02/2026 112204 3 1 QA 39.2 .E93 2025 V.10 000000017427 04/24/2026 04/14/2026 1 03/02/2026 Long Loan Book
    Library of Congress Classification     Science & Technology Kisii University Library Kisii University Library On Display 03/02/2026 112205     QA 39.2 .E93 2025 V.10 000000008970 03/02/2026   2 03/02/2026 Long Loan Book
    Library of Congress Classification     Science & Technology Kisii University Library Kisii University Library On Display 03/02/2026 112206     QA 39.2 .E93 2025 V.10 000000017415 03/02/2026   3 03/02/2026 Long Loan Book
    Library of Congress Classification     Science & Technology Kisii University Library Kisii University Library On Display 03/02/2026 112207     QA 39.2 .E93 2025 V.10 000000017416 03/02/2026   4 03/02/2026 Long Loan Book
    Library of Congress Classification     Science & Technology Kisii University Library Kisii University Library On Display 03/02/2026 112208     QA 39.2 .E93 2025 V.10 000000017453 03/02/2026   5 03/02/2026 Long Loan Book